Biblioteka Instytutu Północnego w Olsztynie

Kościół wobec niepodległości Polski 1918-1989 : (Rekord nr 27836)

Szczegóły MARC
000 -Nagłówek
fixed length control field 02842cam a2200601 i 4500
001 - Nr kontrolny bibl., która utworzyła rek.
control field xx005000333
003 - Siglum bibl., której nr kontr. jest w 001
control field NUKAT
005 - Data i czas ostatniej operacji
control field 20260428110117.0
008 - Elementy pola stałej długości
fixed length control field 201118s2020 pl a |001 0 pol c
020 ## - ISBN
ISBN 9788380981942
dopowiedzenie (oprawa twarda) :
warunki dostępności zł 45,00
035 ## - Systemowy numer kontrolny
systemowy numer kontrolny (OCoLC)1225225755
035 ## - Systemowy numer kontrolny
systemowy numer kontrolny (NUKAT)xx005000333
040 ## - Instytucja sporządzająca opis
Instytucja, która sporządziła opis KR 253/MH
język katalgowania-trzyzn. kod pol
zasady opisu rda
Instytucja, która sporządziła rekord KR 253/MH
Instytucja, która zmodyfikowała rekord Ł U/JSs
-- WA 14/ABs
-- OLSZT 008/bak
045 2# - Okres czasu dla zawartości
czas między r. 9999 pne a nasz. czas. d1918
-- d1989
046 ## - Kod rodz. daty, data1, data2 (daty pne)
Begin/single date 2020
245 00 - Tytuł właściwy i oznaczenie odpow.
tytuł Kościół wobec niepodległości Polski 1918-1989 :
dodatek do tytułu ludzie - miejsca - wydarzenia /
dod. inf. ze s. tyt./ozn. odpow. redakcja Krzysztof Sychowicz, Jarosław Wasilewski.
260 ## - Adres wydawniczy
miejsce wydania, dystrybucji itp. Białystok ;
-- Warszawa :
nazwa wydawcy, dystrybutora itp. Instytut Pamięci Narodowej. Oddział w Białymstoku,
data wydania, dystrybucji itp. 2020.
300 ## - Opis fizyczny
objętość i/lub forma materiału 423, [1] strona :
inne szczegóły opisu fizycznego ilustracje ;
format 21 cm.
336 ## - Content Type
Term Tekst
Code txt
Source rdacontent
337 ## - Media Type
Term Bez urządzenia pośredniczącego
Code n
Source rdamedia
338 ## - Carrier Type
Term Wolumin
Code nc
Source rdacarrier
380 ## - Form of work
Form of work Książki
380 ## - Form of work
Form of work Publikacje naukowe
388 1# - TIME PERIOD OF CREATION
Time period of creation term 2001-
490 1# - Tytuł serii i ks. wielotom.-nie do wysz.
oznaczenie serii Seria Wydawnicza Oddziału Instytutu Pamięci Narodowej w Białymstoku ;
numer woluminu t. 48
490 1# - Tytuł serii i ks. wielotom.-nie do wysz.
oznaczenie serii Centralny Projekt Badawczy IPN - Władze Komunistyczne wobec Kościołów i Związków Wyznaniowych w Polsce 1944-1989
504 ## - Uwaga o bibliografii
uwaga o bibliografii Indeks.
610 27 - Hasło przedmiotowe-nazwa ciała zbior.
nazwa ciała zbior. lub geogr. Kościół katolicki
źródło hasła DBN
9 (RLIN) 37102
648 #7 - SUBJECT ADDED ENTRY--CHRONOLOGICAL TERM
Chronological term 1901-2000
Source of heading or term DBN
9 (RLIN) 34996
650 #7 - Hasło przedmiotowe-nazwa pospolita
nazwa pospolita lub geogr. Kościół a państwo
źródło hasła DBN
9 (RLIN) 35883
650 #7 - Hasło przedmiotowe-nazwa pospolita
nazwa pospolita lub geogr. Odzyskanie niepodległości przez Polskę (1918)
źródło hasła DBN
9 (RLIN) 35453
650 #7 - Hasło przedmiotowe-nazwa pospolita
nazwa pospolita lub geogr. Ruchy niepodległościowe
źródło hasła DBN
9 (RLIN) 35774
650 #7 - Hasło przedmiotowe-nazwa pospolita
nazwa pospolita lub geogr. Suwerenność państwa
źródło hasła DBN
9 (RLIN) 40773
650 #7 - Hasło przedmiotowe-nazwa pospolita
nazwa pospolita lub geogr. Kościół i państwo
określnik rzeczowy Kościół katolicki
określnik chronologiczny 1900-1945.
źródło hasła kaba
9 (RLIN) 40774
650 #7 - Hasło przedmiotowe-nazwa pospolita
nazwa pospolita lub geogr. Kościół i państwo
określnik rzeczowy Kościół katolicki
określnik chronologiczny 1945-1990.
źródło hasła kaba
9 (RLIN) 40775
650 #7 - Hasło przedmiotowe-nazwa pospolita
nazwa pospolita lub geogr. Kościół i państwo
określnik geograficzny Polska
określnik chronologiczny 1900-1945.
źródło hasła kaba
9 (RLIN) 40776
650 #7 - Hasło przedmiotowe-nazwa pospolita
nazwa pospolita lub geogr. Kościół i państwo
określnik geograficzny Polska
określnik chronologiczny 1945-1990.
źródło hasła kaba
9 (RLIN) 39437
650 #7 - Hasło przedmiotowe-nazwa pospolita
nazwa pospolita lub geogr. Kwestia polska (1795-1918).
źródło hasła kaba
9 (RLIN) 1421
650 #7 - Hasło przedmiotowe-nazwa pospolita
nazwa pospolita lub geogr. Duchowieństwo
określnik rzeczowy prześladowania
określnik geograficzny Polska
określnik chronologiczny 1900-1945.
źródło hasła kaba
9 (RLIN) 40777
650 #7 - Hasło przedmiotowe-nazwa pospolita
nazwa pospolita lub geogr. Duchowieństwo
określnik rzeczowy prześladowania
określnik geograficzny Polska
określnik chronologiczny 1945-1990.
źródło hasła kaba
9 (RLIN) 40778
651 #7 - Hasło przedmiotowe-nazwa geogr.
nazwa geograficzna Polska
źródło hasła DBN
9 (RLIN) 35076
655 #7 - Termin określający rodzaj/formę
rodzaj/forma Praca zbiorowa
źródło terminu DBN
9 (RLIN) 35107
658 ## - Nazwa określająca cel programu nauczania
główny cel programu nauczania Historia
700 1# - Hasło dodatkowe - nazwa osobowa
nazwa osobowa Sychowicz, Krzysztof
daty biograficzne (1969- ).
rodzaj współpracy Redakcja
9 (RLIN) 17494
700 1# - Hasło dodatkowe - nazwa osobowa
nazwa osobowa Wasilewski, Jarosław
daty biograficzne (1978- ).
rodzaj współpracy Redakcja
9 (RLIN) 17123
710 2# - Hasło dodatkowe - nazwa ciała zbior.
nazwa ciała zbior. lub nazwa geogr. Instytut Pamięci Narodowej - Komisja Ścigania Zbrodni przeciwko Narodowi Polskiemu.
nazwa jednostki podrzędnej Oddział (Białystok).
rodzaj współpracy Wydawca
kod rodzaju współpracy pbl
9 (RLIN) 13118
830 #0 - Hasło dod. serii i op. ks. wielotom. -tyt
tytuł Seria Wydawnicza Oddziału Instytutu Pamięci Narodowej w Białymstoku
oznaczenie tomu t. 48
9 (RLIN) 13120
830 #0 - Hasło dod. serii i op. ks. wielotom. -tyt
tytuł Władze Komunistyczne wobec Kościołów i Związków Wyznaniowych w Polsce 1944-1989
9 (RLIN) 18363
920 ## - ISBN
ISBN 978-83-8098-194-2 (oprawa twarda) : zł 45,00
942 ## - ADDED ENTRY ELEMENTS (KOHA)
Source of classification or shelving scheme Dewey Decimal Classification
Koha item type pozycje dostępne na miejscu
Egzemplarze
Status wycofania Status zagubienia Klasyfikacja Status uszkodzenia Blokada wypożyczeń Kolekcja Lokalizacja macierzysta Lokalizacja bieżąca Data nabycia Numer akcesji Źródło akcesji Cena Nr inwentarzowy il. wypożyczeń Sygnatura Kod kreskowy Date last seen Price effective from Typ egz.
    Dewey Decimal Classification nieuszkodzona   książka w magazynie Biblioteka Instytutu Północnego w Olsztynie Biblioteka Instytutu Północnego w Olsztynie 30/11/2020 D-36/2020 dar 45.00 59954   59954 IPWK24058 28/04/2026 28/04/2026 pozycje dostępne na miejscu
Biblioteka Instytutu Północnego, ul. Partyzantów 87, 10-402 Olsztyn, email: biblioteka(at)ip.olsztyn.pl